000 00566nam a22002057a 4500
003 OSt
005 20160509190832.0
008 160509b xxu||||| |||| 00| 0 eng d
020 _a978019956912
040 _cDDC.
082 _a578.7RUX 2011.
100 _aRuxton,D.Graeme;Colegrave Nick;
_98598
245 _aExperimental design for the life sciences.
250 _a3rd ed.
260 _aUK.
_bOxford University Press.
_c2011.
300 _ax,178p;
_bill;
_c26cm.
504 _aincludes bibliography and index.
650 _aScience.
_92110
942 _2ddc
_cSLOAN
999 _c3928
_d3928